[Event "Bogota Avenida Chile op 6th"]
[Site "Bogota"]
[Date "2025.07.20"]
[Round "4"]
[White "Castillo Rodriguez, Edward Andres"]
[Black "Hernandez Jimenez, Jeronimo"]
[Result "1/2-1/2"]
[WhiteElo "2006"]
[BlackElo "2229"]
[PlyCount "103"]
[EventDate "2025.07.20"]
[EventType "swiss (rapid)"]
[EventRounds "7"]
[EventCountry "COL"]
[SourceTitle "CB30_2025"]
[SourceDate "2025.07.23"]
[SourceVersion "1"]
[SourceVersionDate "2025.07.23"]
[SourceQuality "1"]

1. e4 c5 2. Nf3 g6 3. c3 Bg7 4. d4 cxd4 5. cxd4 d5 6. exd5 Nf6 7. Nc3 0-0 8. Bc4 Nbd7 9. d6 exd6 10. 0-0 Nb6 11. Be2 Be6 12. Bg5 Nbd5 13. Qd2 Nxc3 14. bxc3 Ne4 15. Qe3 Nxg5 16. Nxg5 Bd5 17. Bd3 Rc8 18. Rac1 Bc4 19. Bxc4 Rxc4 20. Ne6 Bh6 21. Qe1 Qc8 22. Nxf8 Bxc1 23. Nxh7 Kxh7 24. Qxc1 Rxc3 25. Qf4 Qe6 26. Qh4+ Kg7 27. Qf4 Rd3 28. h4 Qd5 29. h5 gxh5 30. Re1 Rxd4 31. Qg3+ Rg4 32. Qc3+ Kh7 33. Qh3 Qg5 34. Re3 d5 35. Rf3 Kg7 36. Rd3 d4 37. Qf3 b6 38. Qc6 Qc5 39. Qf3 Qc1+ 40. Rd1 Qf4 41. Qd5 h4 42. Rd3 Qc1+ 43. Kh2 Qf4+ 44. Kg1 Qc1+ 45. Kh2 Qg5 46. Qxg5+ Rxg5 47. Rxd4 Rf5 48. f3 Ra5 49. a4 Rh5 50. Kh3 Kf6 51. Rd7 Ra5 52. Rd4 1/2-1/2

[Event "Bogota Kallpa op"]
[Site "Bogota"]
[Date "2025.06.28"]
[Round "4"]
[White "Castillo Rodriguez, Edward Andres"]
[Black "Luna Velandia, Juan Sebastian"]
[Result "1-0"]
[WhiteElo "1710"]
[BlackElo "2078"]
[PlyCount "135"]
[EventDate "2025.06.25"]
[EventType "swiss"]
[EventRounds "6"]
[EventCountry "COL"]
[SourceTitle "CB27_2025"]
[SourceDate "2025.07.02"]
[SourceVersion "1"]
[SourceVersionDate "2025.07.02"]
[SourceQuality "1"]

1. c4 Nf6 2. Nc3 g6 3. e4 d6 4. d4 Bg7 5. h3 Nbd7 6. Be3 e5 7. d5 h5 8. Bd3 Bh6 9. Bxh6 Rxh6 10. Qd2 Rh8 11. Nge2 h4 12. 0-0-0 Nc5 13. Bc2 Qe7 14. Rhf1 Nh5 15. f4 exf4 16. Nxf4 Ng3 17. Rfe1 Nd7 18. Nd3 Ne5 19. Nxe5 Qxe5 20. Nb5 Kd8 21. Qa5 b6 22. Qd2 Rh5 23. Nd4 Bd7 24. Nf3 Qe7 25. e5 dxe5 26. Qe3 e4 27. Bxe4 Bf5 28. Bxf5 Qxe3+ 29. Rxe3 Nxf5 30. Re4 Nd6 31. Rg4 Ke7 32. Nxh4 Re5 33. Nf3 Re2 34. Rd2 Re3 35. b3 Rg8 36. Nd4 f5 37. Rh4 Ne4 38. Re2 Rxe2 39. Rh7+ Kd6 40. Nxe2 Ng5 41. Rh4 Ke5 42. Nd4 a6 43. Kd2 Ne4+ 44. Kd3 Nc5+ 45. Ke3 Kf6 46. Rh7 Re8+ 47. Kf3 Rc8 48. Nc6 Ne4 49. Re7 g5 50. Re6+ Kg7 51. Ne7 Rf8 52. Nxf5+ Rxf5+ 53. Kxe4 Rf2 54. Re7+ Kf6 55. Rxc7 Rxa2 56. Rc6+ Ke7 57. Rxb6 Rxg2 58. Rxa6 Rg3 59. Rb6 Rxh3 60. Kf5 Rg3 61. c5 g4 62. Rb7+ Kd8 63. Kf4 Rc3 64. c6 g3 65. Rg7 Rd3 66. Ke5 Rxb3 67. Kd6 Ke8 68. c7 1-0

[Event "Bogota Avenida Chile op 5th"]
[Site "Bogota"]
[Date "2025.06.15"]
[Round "6"]
[White "Castillo Rodriguez, Edward Andres"]
[Black "Rodriguez Munoz, Cesar Esteban"]
[Result "0-1"]
[WhiteElo "1982"]
[BlackElo "1923"]
[PlyCount "104"]
[EventDate "2025.06.15"]
[EventType "swiss (rapid)"]
[EventRounds "7"]
[EventCountry "COL"]
[SourceTitle "CB25_2025"]
[SourceDate "2025.06.18"]
[SourceVersion "1"]
[SourceVersionDate "2025.06.18"]
[SourceQuality "1"]

1. c4 Nf6 2. Nf3 e6 3. g3 d5 4. Bg2 Be7 5. 0-0 0-0 6. cxd5 exd5 7. d4 c6 8. Nc3 Re8 9. Re1 Bf5 10. Ne5 Qb6 11. Na4 Qa5 12. Bd2 Qd8 13. Qb3 b5 14. Nc3 Bd6 15. e4 Bxe5 16. dxe5 Nxe4 17. Nxe4 dxe4 18. Bc3 Nd7 19. Bxe4 Bxe4 20. Rxe4 Nc5 21. Qc2 Nxe4 22. Qxe4 Qd5 23. Qg4 Qe6 24. Qf3 Rad8 25. a3 Rd7 26. Re1 Red8 27. Re2 Rd3 28. Re3 Qd5 29. Rxd3 Qxd3 30. Qf4 Qd1+ 31. Kg2 Qd5+ 32. Kg1 h6 33. Qe3 Qd1+ 34. Kg2 Qd5+ 35. Kg1 Rd7 36. h4 Qb3 37. Kh2 Qc4 38. Qf3 Qd5 39. Qg4 Qe6 40. Qf3 a6 41. Qe4 h5 42. Qf3 g6 43. Qe4 Rd1 44. Qe2 Qd5 45. f3 Qd3 46. Qf2 Rf1 47. Qg2 Qxf3 48. Qxf3 Rxf3 49. Kg2 Rd3 50. Kf2 Kf8 51. Be1 Ke7 52. Ke2 Rd5 0-1

[Event "Bogota Avenida Chile op 5th"]
[Site "Bogota"]
[Date "2025.06.15"]
[Round "7"]
[White "Castillo Rodriguez, Edward Andres"]
[Black "Vargas Benavides, Mauricio"]
[Result "0-1"]
[WhiteElo "1982"]
[BlackElo "2138"]
[PlyCount "154"]
[EventDate "2025.06.15"]
[EventType "swiss (rapid)"]
[EventRounds "7"]
[EventCountry "COL"]
[SourceTitle "CB25_2025"]
[SourceDate "2025.06.18"]
[SourceVersion "1"]
[SourceVersionDate "2025.06.18"]
[SourceQuality "1"]

1. c4 e5 2. g3 c6 3. Bg2 d5 4. a4 dxc4 5. Qc2 Be6 6. Nf3 f6 7. 0-0 a5 8. Rd1 Na6 9. d4 cxd3 10. Rxd3 Qc8 11. Rd1 Bf5 12. e4 Be6 13. Be3 Qc7 14. Nc3 Bb4 15. Rac1 Ne7 16. Qe2 Rd8 17. Nd5 Nxd5 18. exd5 Rxd5 19. Nd2 Rd7 20. Bxc6 bxc6 21. Qxa6 Bd5 22. Nc4 Bf3 23. Bb6 Qb8 24. Rxd7 Kxd7 25. Bxa5 Ke6 26. Nb6 Bxa5 27. Qxa5 Rd8 28. Qb4 Rd4 29. Qb3+ Bd5 30. Rxc6+ Kf7 31. Qc2 Bxc6 32. Qxc6 Qe8 33. Qc5 Qd8 34. a5 Rd1+ 35. Kg2 Qd3 36. Qc4+ Qxc4 37. Nxc4 Ke6 38. a6 Ra1 39. Na3 Rc1 40. Nb5 Rc8 41. Na7 Ra8 42. Nb5 Kd7 43. Kf3 Kc6 44. Nc3 Rxa6 45. Ke4 g6 46. Nd5 Kc5 47. b4+ Kc4 48. b5 Rd6 49. Nc7 Kc5 50. Ne8 Rd4+ 51. Ke3 f5 52. Nf6 h6 53. h4 Kxb5 54. f4 Ra4 55. fxe5 Kc5 56. Ng8 Kd5 57. Ne7+ Kxe5 58. Nxg6+ Kf6 59. Nf4 Ra3+ 60. Ke2 Ke5 61. Nd3+ Ke4 62. Nf2+ Kd4 63. g4 f4 64. g5 f3+ 65. Ke1 hxg5 66. hxg5 Ke3 67. Nd1+ Kf4 68. g6 Ra6 69. g7 Rg6 70. Kf2 Rg2+ 71. Kf1 Rxg7 72. Nf2 Ra7 73. Nd1 Ra1 74. Kf2 Ra3 75. Ke1 Kg3 76. Kf1 Ra1 77. Ke1 Rxd1+ 0-1

[Event "Bogota Avenida Chile op 5th"]
[Site "Bogota"]
[Date "2025.06.15"]
[Round "1"]
[White "Chiquillo Tamayo, Alejandro"]
[Black "Castillo Rodriguez, Edward Andres"]
[Result "0-1"]
[WhiteElo "1634"]
[BlackElo "1982"]
[PlyCount "80"]
[EventDate "2025.06.15"]
[EventType "swiss (rapid)"]
[EventRounds "7"]
[EventCountry "COL"]
[SourceTitle "CB25_2025"]
[SourceDate "2025.06.18"]
[SourceVersion "1"]
[SourceVersionDate "2025.06.18"]
[SourceQuality "1"]

1. d4 d5 2. c4 c6 3. Nc3 Nf6 4. Nf3 g6 5. Bf4 Bg7 6. e3 0-0 7. Be2 dxc4 8. Bxc4 b5 9. Bd3 Bb7 10. 0-0 Nbd7 11. Re1 a6 12. Rc1 c5 13. dxc5 Nxc5 14. Be2 Rc8 15. Qxd8 Rfxd8 16. Red1 e6 17. Rxd8+ Rxd8 18. Nxb5 Nfe4 19. Nbd4 h6 20. Be5 f6 21. Bg3 e5 22. Bc4+ Bd5 23. Bxd5+ Rxd5 24. Ne2 a5 25. h3 g5 26. Nc3 Nxc3 27. Rxc3 f5 28. Ne1 f4 29. exf4 exf4 30. Bh2 Bxc3 31. bxc3 Rd1 32. Kf1 Nd3 33. Ke2 Rxe1+ 34. Kxd3 Rh1 35. c4 Rxh2 36. c5 Rh1 37. Kd2 Kf7 38. c6 Ke7 39. c7 Kd7 40. c8B+ Kxc8 0-1

[Event "Bogota blitz op"]
[Site "Bogota"]
[Date "2024.12.21"]
[Round "11"]
[White "Brizuela Abreu, Reivis Gabriel"]
[Black "Castillo Rodriguez, Edward Andres"]
[Result "0-1"]
[WhiteElo "2156"]
[BlackElo "1941"]
[PlyCount "106"]
[EventDate "2024.12.21"]
[EventType "swiss (blitz)"]
[EventRounds "11"]
[EventCountry "COL"]
[SourceTitle "CB52_2024"]
[SourceDate "2024.12.25"]
[SourceVersion "1"]
[SourceVersionDate "2024.12.25"]
[SourceQuality "1"]

1. d4 d5 2. Nf3 Nf6 3. e3 Bf5 4. c4 c6 5. Qb3 Qc7 6. Bd3 dxc4 7. Bxc4 e6 8. Ne5 Nbd7 9. f4 c5 10. 0-0 Bd6 11. Nc3 a6 12. a4 0-0 13. h3 cxd4 14. exd4 Nb6 15. Be2 Nbd5 16. Bd2 Nxc3 17. bxc3 Ne4 18. Be1 Rac8 19. Rc1 Nf6 20. Bf3 Be4 21. Bxe4 Nxe4 22. Rf3 Nf6 23. Rb1 Rb8 24. Qb6 Qe7 25. Qb3 b5 26. axb5 Rxb5 27. Qc2 Rxb1 28. Qxb1 Rb8 29. Qa2 Qa7 30. Bf2 Ne4 31. Nc6 Qb7 32. Nxb8 Bxb8 33. Re3 Bxf4 34. Rf3 Bd6 35. Qa4 h6 36. Qe8+ Bf8 37. c4 Ng5 38. Ra3 Qb1+ 39. Kh2 Qf5 40. Ra2 Ne4 41. Be1 Qf4+ 42. g3 Qe3 43. Bf2 Nxf2 44. c5 Qe1 45. Kg2 Ne4 46. c6 Qxg3+ 47. Kf1 Qd3+ 48. Kg1 Qe3+ 49. Kf1 Ng3+ 50. Kg2 Nf5 51. c7 Qg3+ 52. Kf1 Qxc7 53. Rxa6 Qc4+ 0-1

[Event "Bogota Rapid op"]
[Site "Bogota"]
[Date "2024.12.21"]
[Round "5"]
[White "Castillo Rodriguez, Edward Andres"]
[Black "Aldana, Boris Eugenio"]
[Result "0-1"]
[WhiteElo "2072"]
[BlackElo "1809"]
[PlyCount "54"]
[EventDate "2024.12.21"]
[EventType "swiss (rapid)"]
[EventRounds "9"]
[EventCountry "COL"]
[SourceTitle "CB52_2024"]
[SourceDate "2024.12.25"]
[SourceVersion "1"]
[SourceVersionDate "2024.12.25"]
[SourceQuality "1"]

1. Nf3 d5 2. d4 Nf6 3. e3 Bf5 4. c4 e6 5. Nc3 c6 6. Be2 Bd6 7. h3 Nbd7 8. 0-0 0-0 9. Nh4 Bg6 10. Nxg6 fxg6 11. Qb3 b6 12. e4 dxe4 13. c5 Bc7 14. Qxe6+ Kh8 15. Qxc6 Rc8 16. Qb5 bxc5 17. dxc5 Nxc5 18. Rd1 Qe7 19. Bg5 Qe5 20. Bg4 Nxg4 21. hxg4 Qxg5 22. Rd5 Qh4 23. Nd1 Nd3 24. Qd7 Bh2+ 25. Kh1 Bg3+ 26. Kg1 Bxf2+ 27. Kf1 Qh1+ 0-1

[Event "Bogota blitz op"]
[Site "Bogota"]
[Date "2024.12.21"]
[Round "6"]
[White "Castillo Rodriguez, Edward Andres"]
[Black "Cantor Pardo, Antonio"]
[Result "1-0"]
[WhiteElo "1941"]
[BlackElo "1615"]
[PlyCount "58"]
[EventDate "2024.12.21"]
[EventType "swiss (blitz)"]
[EventRounds "11"]
[EventCountry "COL"]
[SourceTitle "CB52_2024"]
[SourceDate "2024.12.25"]
[SourceVersion "1"]
[SourceVersionDate "2024.12.25"]
[SourceQuality "1"]

1. Nf3 d6 2. g3 e5 3. e4 Nf6 4. Bg2 Be7 5. 0-0 0-0 6. d3 c6 7. c4 a5 8. Nc3 Na6 9. a3 Re8 10. b3 Bf8 11. Rb1 g6 12. h3 Bg7 13. Be3 h6 14. Na4 c5 15. Nc3 Be6 16. Qd2 Kh7 17. Nh4 Qd7 18. Kh2 g5 19. Nf5 Bxf5 20. exf5 Qxf5 21. Be4 Nxe4 22. dxe4 Qf3 23. Qe2 Qxe2 24. Nxe2 Nc7 25. g4 Ne6 26. Rfd1 Rad8 27. b4 axb4 28. axb4 Nd4 29. Ng3 Rd7 1-0

[Event "Bogota blitz op"]
[Site "Bogota"]
[Date "2024.12.21"]
[Round "10"]
[White "Castillo Rodriguez, Edward Andres"]
[Black "Guarin Fonseca, Nobel Alfredo"]
[Result "1-0"]
[WhiteElo "1941"]
[BlackElo "2023"]
[PlyCount "85"]
[EventDate "2024.12.21"]
[EventType "swiss (blitz)"]
[EventRounds "11"]
[EventCountry "COL"]
[SourceTitle "CB52_2024"]
[SourceDate "2024.12.25"]
[SourceVersion "1"]
[SourceVersionDate "2024.12.25"]
[SourceQuality "1"]

1. c4 Nf6 2. Nf3 e6 3. g3 d5 4. cxd5 exd5 5. Bg2 c6 6. 0-0 Bd6 7. d4 0-0 8. Nc3 Bf5 9. Re1 h6 10. Nh4 Bh7 11. e4 dxe4 12. Nxe4 Nxe4 13. Bxe4 Bxe4 14. Rxe4 Nd7 15. Nf5 Nf6 16. Re1 Qd7 17. Qf3 Nd5 18. Qg4 Qxf5 19. Qxf5 Rae8 20. Bd2 Rd8 21. a3 a6 22. Re2 Nb6 23. Qg4 Kh8 24. b3 Bb8 25. Rae1 Nd5 26. Qh4 Kh7 27. Bb4 Rg8 28. Re7 Nxe7 29. Rxe7 Ba7 30. Bc5 Bxc5 31. dxc5 Rd5 32. Qe4+ Kh8 33. b4 f5 34. Qe6 Rd1+ 35. Kg2 Ra1 36. Re8 Rxe8 37. Qxe8+ Kh7 38. Qe6 Rxa3 39. Qxf5+ Kh8 40. Qc8+ Kh7 41. Qxb7 Ra4 42. Qxc6 Rxb4 43. Qxa6 1-0

[Event "Bogota Rapid op"]
[Site "Bogota"]
[Date "2024.12.21"]
[Round "4"]
[White "Salcedo Paez, Diana"]
[Black "Castillo Rodriguez, Edward Andres"]
[Result "1-0"]
[WhiteElo "1928"]
[BlackElo "2072"]
[PlyCount "133"]
[EventDate "2024.12.21"]
[EventType "swiss (rapid)"]
[EventRounds "9"]
[EventCountry "COL"]
[SourceTitle "CB52_2024"]
[SourceDate "2024.12.25"]
[SourceVersion "1"]
[SourceVersionDate "2024.12.25"]
[SourceQuality "1"]

1. c4 e5 2. Nc3 g6 3. d4 exd4 4. Qxd4 Qf6 5. Qxf6 Nxf6 6. Nf3 c6 7. e4 Bb4 8. Bd2 0-0 9. e5 Re8 10. Be2 Ng4 11. a3 Bc5 12. Ne4 d6 13. h3 Nxe5 14. Nf6+ Kf8 15. Nxe8 Kxe8 16. 0-0 Be6 17. b4 Nxf3+ 18. Bxf3 Bd4 19. Rac1 Bb2 20. Rb1 Bd4 21. Rfe1 Kd7 22. b5 Bb6 23. Rbc1 Kc7 24. Bf4 Bc5 25. a4 Nd7 26. Bg4 Re8 27. Bg3 Nb6 28. a5 Na4 29. Bxe6 fxe6 30. Red1 e5 31. bxc6 bxc6 32. Ra1 Nb2 33. Rdc1 Nd3 34. Rcb1 Rf8 35. Ra2 g5 36. Rd2 e4 37. Re2 Re8 38. Rd1 Nf4 39. Rb2 e3 40. fxe3 Bxe3+ 41. Bf2 Bxf2+ 42. Kxf2 Re5 43. a6 Ra5 44. Rb7+ Kc8 45. Rxd6 Rxa6 46. Rxh7 Ra2+ 47. Kf3 Nxg2 48. Rxc6+ Kd8 49. Rf6 Ke8 50. Kg4 Ne3+ 51. Kh5 Nxc4 52. Kxg5 Rg2+ 53. Kf5 Rf2+ 54. Ke6 Re2+ 55. Kd5 Nb6+ 56. Kc6 Nc4 57. Rxa7 Ne5+ 58. Kd5 Nd7 59. Re6+ Rxe6 60. Kxe6 Nc5+ 61. Kf5 Kf8 62. h4 Kg8 63. Kg6 Kf8 64. h5 Ne6 65. h6 Nf4+ 66. Kf5 Nd5 67. h7 1-0

[Event "Bogota Navidad op"]
[Site "Bogota"]
[Date "2024.12.06"]
[Round "4"]
[White "Castillo Rodriguez, Edward Andres"]
[Black "Ruiz Cruz, Cesar Augusto"]
[Result "1-0"]
[WhiteElo "1687"]
[BlackElo "1873"]
[PlyCount "81"]
[EventDate "2024.12.04"]
[EventType "swiss"]
[EventRounds "9"]
[EventCountry "COL"]
[SourceTitle "CB50_2024"]
[SourceDate "2024.11.01"]
[SourceVersion "1"]
[SourceVersionDate "2024.11.01"]
[SourceQuality "2"]

1. c4 c5 2. Nf3 Nc6 3. Nc3 Nf6 4. g3 e6 5. Bg2 Be7 6. 0-0 0-0 7. e4 e5 8. d3 d6 9. Nd5 Nxd5 10. cxd5 Nd4 11. Nxd4 cxd4 12. f4 f5 13. fxe5 dxe5 14. Qb3 Qb6 15. Qxb6 axb6 16. Bd2 fxe4 17. Rxf8+ Bxf8 18. Bxe4 Bh3 19. a3 Rc8 20. Rc1 Rxc1+ 21. Bxc1 Bd6 22. Bg5 h6 23. Bd8 b5 24. b4 Kf7 25. Kf2 g6 26. Kf3 h5 27. Bb6 Kf6 28. Bc5 Bg4+ 29. Kf2 Bxc5 30. bxc5 g5 31. d6 Bc8 32. d7 Bxd7 33. Bxb7 Ke7 34. c6 Bf5 35. c7 Kd6 36. c8Q Bxc8 37. Bxc8 Kc5 38. Kf3 b4 39. axb4+ Kxb4 40. Ke4 Kc3 41. Bf5 1-0

[Event "Bogota rapid op"]
[Site "Bogota"]
[Date "2024.09.01"]
[Round "3"]
[White "Castillo Rodriguez, Edward Andres"]
[Black "Hidalgo, Genaro"]
[Result "1-0"]
[WhiteElo "2023"]
[BlackElo "1787"]
[PlyCount "114"]
[EventDate "2024.09.01"]
[EventType "swiss (rapid)"]
[EventRounds "7"]
[EventCountry "COL"]
[SourceTitle "EXT 2025"]
[Source "ChessBase"]
[SourceDate "2024.10.14"]
[SourceVersion "1"]
[SourceVersionDate "2024.10.14"]
[SourceQuality "1"]

1. c4 Nf6 2. Nc3 g6 3. Nf3 Bg7 4. g3 d6 5. Bg2 e5 6. d3 h6 7. Nd2 Nc6 8. 0-0 0-0 9. Nd5 Nxd5 10. Bxd5 Bh3 11. Re1 Kh7 12. Bg2 Qd7 13. Rb1 Bxg2 14. Kxg2 f5 15. b4 f4 16. Nf3 fxg3 17. hxg3 Rf7 18. b5 Ne7 19. Rh1 Ng8 20. Ng5+ Kh8 21. Nxf7+ Qxf7 22. Be3 Rf8 23. f3 d5 24. Qd2 d4 25. Bxh6 Nxh6 26. Rxh6+ Bxh6 27. Qxh6+ Kg8 28. Rh1 Qg7 29. Qg5 Rf5 30. Qd8+ Rf8 31. Qd5+ Qf7 32. Qxe5 Qg7 33. Qxg7+ Kxg7 34. Rh4 Rd8 35. Re4 Rd7 36. g4 g5 37. Kg3 c5 38. bxc6 bxc6 39. Re6 Rc7 40. c5 Kf7 41. Rd6 Rb7 42. Rxd4 Rb2 43. Rd7+ Ke6 44. Rxa7 Rxe2 45. Rg7 Rxa2 46. Rxg5 Rd2 47. Kf4 Rxd3 48. Rg6+ Kf7 49. Rxc6 Rd4+ 50. Ke5 Rd2 51. f4 Re2+ 52. Kf5 Ke7 53. Rc7+ Kd8 54. Ra7 Rc2 55. Ke5 Rxc5+ 56. Kd6 Rc8 57. Rh7 Ke8 1-0

[Event "Bogota rapid op"]
[Site "Bogota"]
[Date "2024.09.01"]
[Round "6"]
[White "Vargas Benavides, Mauricio"]
[Black "Castillo Rodriguez, Edward Andres"]
[Result "0-1"]
[WhiteElo "2120"]
[BlackElo "2023"]
[PlyCount "108"]
[EventDate "2024.09.01"]
[EventType "swiss (rapid)"]
[EventRounds "7"]
[EventCountry "COL"]
[SourceTitle "EXT 2025"]
[Source "ChessBase"]
[SourceDate "2024.10.14"]
[SourceVersion "1"]
[SourceVersionDate "2024.10.14"]
[SourceQuality "1"]

1. d4 Nf6 2. Nf3 d5 3. c4 c6 4. g3 g6 5. Bg2 Bg7 6. 0-0 0-0 7. Ne5 dxc4 8. Na3 Be6 9. Naxc4 Nbd7 10. e4 Nxe5 11. Nxe5 Nd7 12. Nf3 Nb6 13. h3 Qd7 14. Kh2 Rad8 15. a4 Bxd4 16. a5 Nc4 17. Nxd4 Qxd4 18. Qxd4 Rxd4 19. b3 Nd2 20. Rd1 Nxb3 21. Rxd4 Nxd4 22. a6 b6 23. Bb2 Nb3 24. Rd1 Nc5 25. Ba3 Nxa6 26. Bxe7 Re8 27. Bf6 Nb4 28. g4 a5 29. f4 b5 30. f5 Bc4 31. h4 Be2 32. Rd6 Bxg4 33. Kg3 gxf5 34. e5 Rc8 35. Bd8 a4 36. Ba5 Nd5 37. Bxd5 cxd5 38. Rxd5 Be2 39. Rd2 Bc4 40. Bb4 h6 41. Kf4 Be6 42. Rg2+ Kh7 43. Be7 b4 44. Ke3 Rc4 45. Bf6 Rg4 46. Rd2 a3 47. Rd8 Rg8 48. Rd1 b3 49. Be7 Ra8 50. Bb4 b2 51. Bc3 Ba2 52. e6 b1Q 53. Rxb1 Bxb1 54. e7 Be4 0-1

[Event "Tocancipa Cundinamarca Cup"]
[Site "Tocancipa"]
[Date "2024.05.11"]
[Round "1"]
[White "Lopez Ramirez, David Santiago"]
[Black "Castillo Rodriguez, Edward Andres"]
[Result "1-0"]
[WhiteElo "2225"]
[BlackElo "1674"]
[PlyCount "71"]
[EventDate "2024.05.11"]
[EventType "swiss"]
[EventRounds "6"]
[EventCountry "COL"]
[SourceTitle "CBM 220 Extra"]
[Source "ChessBase"]
[SourceDate "2024.07.31"]
[SourceVersion "1"]
[SourceVersionDate "2024.07.31"]
[SourceQuality "1"]

1. e4 c5 2. c3 e5 3. Nf3 Qc7 4. Bc4 h6 5. d3 Nf6 6. Nbd2 d6 7. a4 Nc6 8. Ba2 Be6 9. 0-0 Bxa2 10. Rxa2 Be7 11. Re1 0-0 12. Nf1 Nh7 13. Ne3 Qd7 14. Ra1 Bf6 15. Nd5 Ne7 16. Qb3 Nxd5 17. Qxd5 Rfe8 18. a5 Rab8 19. Nd2 Re6 20. Nc4 Bg5 21. Bxg5 Nxg5 22. Ne3 Rg6 23. Kf1 Ne6 24. g3 Ng5 25. Ke2 Qh3 26. Rh1 Rf6 27. Raf1 Nf3 28. Kd1 Nxh2 29. Kc1 b5 30. a6 Kh7 31. Qb7 Rd8 32. Qxa7 b4 33. Qb6 Rc8 34. Qb7 bxc3 35. bxc3 c4 36. Rxh2 1-0